[Event "20th Biel Festival"]
[Site "Biel SUI"]
[Date "1987.07.30"]
[Round "14"]
[White "Lobron, Eric"]
[Black "Hort, Vlastimil"]
[Result "1-0"]
[WhiteElo "2530"]
[BlackElo "2570"]
[EventDate "1987.07.15"]
[PlyCount "78"]

1.e4 e5 2.Nf3 Nc6 3.Bb5 a6 4.Ba4 Nf6 5.O-O Be7 6.Re1 d6 7.Bxc6+ bxc6 8.d4 
exd4 9.Nxd4 Bd7 10.Qf3 O-O 11.Nc3 Re8 12.h3 c5 13.Nf5 Bxf5 14.Qxf5 Nd7 15.
Nd5 Bf6 16.Rb1 Re6 17.Bd2 c6 18.Nxf6+ Qxf6 19.Qxf6 Nxf6 20.f3 Kf8 21.Re3 
d5 22.exd5 cxd5 23.Kf2 Ke7 24.Rb3 Nd7 25.Rd1 Kd6 26.Ra3 Nb6 27.b3 Kc6 28.
Ra5 h6 29.h4 h5 30.a3 g6 31.b4 cxb4 32.axb4 Kb7 33.Bf4 Rc8 34.Rc5 Rec6 35.
Be3 R8c7 36.g4 Na4 37.Rxc6 Kxc6 38.Kg3 Nc3 39.Re1 Kb5 1-0

[Event "20th Biel Festival"]
[Site "Biel SUI"]
[Date "1987.07.30"]
[Round "14"]
[White "Huebner, Robert"]
[Black "Romanishin, Oleg"]
[Result "1/2-1/2"]
[WhiteElo "2610"]
[BlackElo "2555"]
[EventDate "1987.07.15"]
[PlyCount "45"]

1.e4 e5 2.Nf3 Nc6 3.Bb5 a6 4.Ba4 Nf6 5.O-O Be7 6.Re1 b5 7.Bb3 d6 8.c3 O-O 
9.h3 Na5 10.Bc2 c5 11.d4 Nc6 12.d5 Na5 13.Nbd2 g6 14.b4 Nb7 15.Nf1 a5 16.
Bh6 Re8 17.bxa5 Bd7 18.a4 Nxa5 19.axb5 Bxb5 20.Ba4 Qd7 21.N3d2 Nc4 22.Nxc4
Rxa4 23.Rxa4 1/2-1/2